000 00369nam a2200121Ia 4500
005 20260328104257.0
008 260328s9999||||xx |||||||||||||| ||und||
100 _aGonzález Lobo, Carlos
245 0 _aUn ensayo en la primavera. de Germinal a fructidor /
_cCarlos González Lobo
260 _bUniversidad Autónoma Metropolitana
650 _aARQUITECTURA
942 _cBK
999 _c10476
_d10476